| 000 | 00404nam a2200121Ia 4500 | ||
|---|---|---|---|
| 008 | 160712s9999 xx 000 0 und d | ||
| 100 | _aCabanes, Jason Vincent A. | ||
| 245 |
_cJason Vincent A. Cabanes _aWestern Concepts in Asian Contexts |
||
| 260 |
_c2011 _bPlaridel |
||
| 300 | _avol. 8 no. 1 | ||
| 650 | _xCOMMUNICATION | ||
| 856 | _uhttp://journals.upd.edu.ph/index.php/plaridel/issue/view/256/showToc | ||
| 999 |
_c297694 _d297694 |
||